000 00367nam a2200133Ia 4500
008 220217s9999||||xx |||||||||||||| ||und||
020 _a07-4876-508-5
082 _a510 ROU
100 _aRounce, John
_97511
245 0 _aMaths for advanced physics
260 _aNelson Thornes
_bUnited Kingdom
_c2002
300 _aVII,231p.;28cm
_b225
650 _aMATHEMATICS
999 _c181113
_d181113